000 00595cam a2200145 4500500
005 20260111092414.0
041 _afre
042 _adc
100 1 0 _aGaveau, Fabien
_eauthor
245 0 0 _aFrançois Ploux, Une mémoire de papier. Les historiens de village et le culte des petites patries rurales (1830-1930). Rennes, Presses universitaires de Rennes, 2011, 344 p.
260 _c2012.
500 _a56
786 0 _nÉtudes rurales | 189 | 1 | 2012-06-01 | p. 199e-215e | 0014-2182
856 4 1 _uhttps://shs.cairn.info/revue-etudes-rurales-2012-1-page-199e?lang=fr&redirect-ssocas=7080
999 _c1623516
_d1623516